00553nam a2200157Ia 4500008004100000082001500041100001700056245003600073260003100109300000800140630003600148730003600184942000900220999001900229952014700248100122s9999 xx 000 0 und d b64580a821 aSRIAUROBINDO aSAVITRI : A LEGEND AND A SYMBOL bSRI AUROBINDO ASHRAMc1996 a825 aSAVITRI : A LEGEND AND A SYMBOL aSAVITRI : A LEGEND AND A SYMBOL cBOOK c379596d379593 00104070aSVPPARLEbSVPPARLEd2003-02-04g185.00l0o64580pSVPPARLE-64580r2010-01-25 00:00:00v185.00w2010-01-25yBOOKz", , General, NA"